O sol e o menino dos pés frios (Registo nº 2924)
[ vista simples ]
| 000 -Etiqueta do registo | |
|---|---|
| Cabeçalho | 00769nam a22002651 4500 |
| 005 - Identificador da versão | |
| Campo de controlo | 20240813121948.0 |
| 095 ## - | |
| -- | PTBN00084039 |
| 100 ## - Dados gerais de processamento | |
| Dados gerais de processamento | 19980921d1973 da y0pory5003 ba |
| 102 ## - Pais de publicação ou produção | |
| País de publicação | Portugal |
| 101 0# - Língua de publicação | |
| Língua do texto, banda sonora, etc. | Português |
| 106 ## - Campo de dados codificados: material textual | |
| Dados codificados do material textual | r |
| 105 ## - Campo de dados codificados: livros | |
| Dados codificados dos livros | c z 000fy |
| 215 ## - Descrição física | |
| Indicação específica da natureza do documento e extensão da espécie | 115, [5] p. |
| Outras indicações físicas | fotog. |
| Dimensões | 24 cm |
| 200 1# - Titulo e menção de responsabilidade | |
| Título próprio | O sol e o menino dos pés frios |
| Primeira menção de responsabilidade | Matilde Rosa Araújo |
| Outras menções de responsabilidade | fotog. Augusto Cabrita |
| 205 ## - Menção da edição | |
| Menção da edição | 2ª ed |
| 210 ## - Publicação, Distribuição, etc. | |
| Lugar da edição, distribuição, etc. | Lisboa |
| Nome do editor, distribuidor, etc. | Ática |
| Data da publicação, distribuição, etc. | imp. 1973 |
| 606 ## - Nome comum usado como assunto | |
| Número de registo de entrada de autoridade | 0000364 |
| Palavra de ordem | Literatura portuguesa infanto-juvenil |
| Subdivisão de assunto | Conto |
| 675 ## - Classificação Decimal Universal (CDU) | |
| Notação | 821.134.3-34 |
| Edição | 2ª |
| Língua da edição | por |
| 702 #1 - Nome de autor-pessoa física (responsabilidade secundária) | |
| Número de registo de entrada de autoridade | 0002040 |
| Palavra de ordem | Cabrita |
| Outra parte do nome não tomada para palavra de ordem | Augusto |
| Código de função | Fotógrafo |
| 700 #1 - Nome de autor-pessoa física (responsabilidade principal) | |
| Número de registo de entrada de autoridade | 0000069 |
| Palavra de ordem | Araújo |
| Outra parte do nome não tomada para palavra de ordem | Matilde Rosa |
| Datas | 1921- |
| 942 ## - Elementos de entrada adicionados (Koha) | |
| Tipo de item no Koha | Livro |
| Situação do levantamento | Origin of item (home branch) (coded) | Biblioteca de empréstimo | Código de barras | Cota | Circulation type (not for loan) | Tipo de documento | Nota do exemplar | Damaged status |
|---|---|---|---|---|---|---|---|---|
| Biblioteca Escolar da Coca Maravilhas | Biblioteca Escolar da Coca Maravilhas | BECM3480/98 | 8POR ARA | Livro | Sem mensagem |
